000 00570nam a22001697a 4500
003 OSt
005 20260407114103.0
008 260407b |||||||| |||| 00| 0 eng d
040 _cMRSPTU
041 _aEnglish
100 _aKrishan Lal, Supervisor: Pritpal Singh Bhullar
245 _aImpact of Risk Factor Disclosure in Prospectus on IPO Performance: An Empirical Investigation
260 _bDepartment of UBS, MRSPTU, Bathinda
_c2022
650 _aUniversity Business School
856 _uhttp://163.47.215.52:8080/jspui/handle/123456789/388
942 _2ddc
_cTH
_n0
999 _c11328
_d11328